000 07009nam a22005057a 4500
005 20120215123738.0
010 _aB-479340-363
020 _a9788181467201
_c135.00
035 _aB-479340-363
037 _bब्लूबेरी बुक्स
082 _a
100 _aशास्त्री, ऊर्मिला
_951569
245 _aश्यामपट्ट /
_cऊर्मिला शास्त्री;प्रिया कृष्णन द्वारा अनुदित
260 _aचैन्नई
_bतूलिका पब्लिशिंग
_c2009
270 _a13, पृथ्वी ऐवन्यु,अभिरमपुरम
_bचैन्नई
_e600018
300 _aअ.पृ
_bसचित्र
_c23सेमी (अजिल्द)
700 _aप्रिया कृष्णन
_942026
942 _2ddc
_cCH
_h
_mशास्त्रीऊ
999 _c62849
_d62849